01358nam a2200337 a 4500001001000000003000500010005001700015008004100032010001100073011001100084040000900095090001000104100003900114245016700153260004100320500006000361502011800421590004100539590004000580590004000620590004000660650003600700650003400736650003400770856006000804901000700864942001000871942000600881999001900887952011400906000116111CHAP20220329144601.0190911s2019 mx a |sm |||||||spa d a112572 a113544 cCHAP aTesis1 aTrejo Rubio, Dante Daniel.913685410aDietas para conejos elaboradas con hojas de morera y su efecto en la digestibilidad aparente y variables productivas.h[En línea]cpor Dante Daniel Trejo Rubio. aChapingo, Méx. :bEl autor,c2019. aPara ver el contenido del material haga clic en la liga aTesis (Ing. Agr. Esp. en Zootecnia) -- UACH. Departamento de Enseñanza, Investigación y Servicio en Zootecnia aBATCH-UPDb05c20190911lUCH01h1221 aE6339RRRb05c20190911lUCH01h1220 aE6339RRRb05c20190911lUCH01h1221 aE6339RRRb05c20190911lUCH01h122214aConejosxAlimentación.92635314aConejosxProducción.92637514aConejosxRendimiento.9127264 aFuhttp://10.13.5.2/tesis/sist116111.pdfzTeclea aquí aBK cTESIS n0 c112572d112572 00102local40718TESISaBCbBCd2019-09-11fTESISl0oTesisp116123-10r2019-12-31 00:00:00w2019-09-11yCD